विश्व बाल कथा कोष / (Record no. 117264)

MARC details
000 -LEADER
fixed length control field 00910nam a22002537a 4500
005 - DATE AND TIME OF LATEST TRANSACTION
control field 20170124103053.0
010 ## - LIBRARY OF CONGRESS CONTROL NUMBER
LC control number B-193984
020 ## - INTERNATIONAL STANDARD BOOK NUMBER
Terms of availability 100.00
035 ## - SYSTEM CONTROL NUMBER
System control number B-193984
037 ## - SOURCE OF ACQUISITION
Source of stock number/acquisition Cen Lib/Ret
040 ## - CATALOGING SOURCE
Original cataloging agency DPL
Language of cataloging HN
082 ## - DEWEY DECIMAL CLASSIFICATION NUMBER
Classification number
Item number पदम
100 ## - MAIN ENTRY--PERSONAL NAME
Personal name पदम शास्त्री
9 (RLIN) 71040
245 ## - TITLE STATEMENT
Title विश्व बाल कथा कोष /
Statement of responsibility, etc पदम शास्त्री
246 ## - VARYING FORM OF TITLE
Title proper/short title Vishw baal katha kosh /
Remainder of title by Padam Shastri
260 ## - PUBLICATION, DISTRIBUTION, ETC. (IMPRINT)
Place of publication, distribution, etc जयपुर
Name of publisher, distributor, etc एम.एम. पब्लिशर्स
Date of publication, distribution, etc 2004
270 ## - ADDRESS
Address चौड़ा रास्ता
City जयपुर
300 ## - PHYSICAL DESCRIPTION
Extent 160पृ.
Dimensions 21सेमी (सजिल्द)
650 ## - SUBJECT ADDED ENTRY--TOPICAL TERM
Topical term or geographic name as entry element हिन्दी साहित्य
9 (RLIN) 71041
650 ## - SUBJECT ADDED ENTRY--TOPICAL TERM
Topical term or geographic name as entry element कहानियां
9 (RLIN) 71042
650 ## - SUBJECT ADDED ENTRY--TOPICAL TERM
Topical term or geographic name as entry element Hindi literature
9 (RLIN) 71043
650 ## - SUBJECT ADDED ENTRY--TOPICAL TERM
Topical term or geographic name as entry element Stories
9 (RLIN) 7500
942 ## - ADDED ENTRY ELEMENTS (KOHA)
Source of classification or shelving scheme Dewey Decimal Classification
Koha item type Hindi Books
Classification part
Call number suffix पदम
Holdings
Withdrawn status Lost status Damaged status Not for loan Home library Current library Date acquired Source of acquisition Cost, normal purchase price Total Checkouts Full call number Barcode Date last seen Date checked out Copy number Cost, replacement price Price effective from Koha item type Source of classification or shelving scheme Collection code
        Central Library Central Library 26/08/2015 Cen Lib/Ret 100.00 1 क पदम B-193984 11/04/2019 05/04/2019 1 100.00 26/08/2015 Hindi Books    
        Sarojini Nagar Sarojini Nagar 08/04/2019     1 क पदम B-194014 11/01/2020 23/12/2019     08/04/2019 Hindi Books Dewey Decimal Classification Fiction

© Delhi Public Library
Hit Counter
free hit counter